UYKUYA DALAMAYAN KOYUN (Kayıt no. 915977)

MARC ayrıntıları
000 -LEADER
sabit uzunluktaki kontrol alanı 00259nam a2200097Ia 4500
001 - KONTROL NUMARASI
kontrol alanı 915977
005 - EN SON İŞLEMİN TARİH VE ZAMANI
kontrol alanı 20250826185844.0
008 - SABİT-UZUNLUKTA VERİ ÖĞELERİ--GENEL BİLGİ
sabit uzunluktaki kontrol alanı 250824s9999 xx 000 0 und d
245 #0 - ESER / YAZAR
ESER ADI UYKUYA DALAMAYAN KOYUN
Yazar Adı CHRISTINE BEIGEL
260 ## - YAYIN, DAĞITIM, VB.
YAYIN EVİ BİNBİR ÇİÇEK YAYINLARI
Mevcut
Düşüm durumu Kayıp durumu Hasar Durumu Ödünç verilmez Ana kütüphane Geçerli Kütüphane Edinilen tarih Toplam ödünç verme sayısı Barkod Son görüntüleme tarihi Fiyatın geçerli olmaya başladığı tarih Koha materyal türü
        AHMET PERİHAN DEMİROK İLKOKULU AHMET PERİHAN DEMİROK İLKOKULU 24.08.2025   10374672 26.08.2025 26.08.2025 Kitaplar
Gemini Bilgi Teknolojileri A.Ş. tarafından düzenlenmiştir.